Aleas de l'oeuvre musicale (Record no. 94588)
[ view plain ]
| 000 -LEADER | |
|---|---|
| fixed length control field | 01174nam a2200289Ia 4500 |
| 001 - CONTROL NUMBER | |
| control field | E0991 |
| 003 - CONTROL NUMBER IDENTIFIER | |
| control field | IT-RoPAU |
| 008 - FIXED-LENGTH DATA ELEMENTS--GENERAL INFORMATION | |
| fixed length control field | 130308s9999 xx 000 0 und d |
| 040 ## - CATALOGING SOURCE | |
| Original cataloging agency | IT-RoPAU |
| 040 ## - CATALOGING SOURCE | |
| Transcribing agency | IT-RoPAU |
| 041 ## - LANGUAGE CODE | |
| Language code of text/sound track or separate title | FRANCESE |
| 100 ## - MAIN ENTRY--PERSONAL NAME | |
| Personal name | Escal Francoise |
| 100 ## - MAIN ENTRY--PERSONAL NAME | |
| Miscellaneous information | Codice Aut. SPICS: 6906 |
| 245 ## - TITLE STATEMENT | |
| Title | Aleas de l'oeuvre musicale |
| 245 ## - TITLE STATEMENT | |
| Remainder of title | Aleas de L'Oeuvre Musicale |
| 250 ## - EDITION STATEMENT | |
| Edition statement | 1a ed. |
| 260 ## - PUBLICATION, DISTRIBUTION, ETC. (IMPRINT) | |
| Place of publication, distribution, etc. | PARIS |
| 260 ## - PUBLICATION, DISTRIBUTION, ETC. (IMPRINT) | |
| Name of publisher, distributor, etc. | Hermann |
| 260 ## - PUBLICATION, DISTRIBUTION, ETC. (IMPRINT) | |
| Date of publication, distribution, etc. | 1996 [1° Ed.:1996 - Ed.Ling.Originale:1996] |
| 300 ## - PHYSICAL DESCRIPTION | |
| Extent | "320 p. (prefazione: 24; testo: 296)" |
| 500 ## - GENERAL NOTE | |
| General note | Pratiche e Messaggi che Accompagnano L'Opera Musicale. Messaggi Non Verbali: Prologo, Ouverture e Programmazione dell'Opera, Disegni grafici e Immagini, Corpo dell'Interprete, Genio del Luogo. Contorno Verbale: caratteristiche Generali: scritto e Orale, manoscritto copia e Stampa, Originale, Luogo e Momento, interno ed Esterno, Anagrammi, Numerologia. Studi Separati: Apparato Editoriale, Nome dell'Autore, Dedica, Epigrafe Titolo, Prefazione, Menzioni Verbali. |
| 650 ## - SUBJECT ADDED ENTRY--TOPICAL TERM | |
| Topical term or geographic name as entry element | SAGGI MUSICALI |
| 650 ## - SUBJECT ADDED ENTRY--TOPICAL TERM | |
| Relator term | Codice materia Spics: 7011 |
| 942 ## - ADDED ENTRY ELEMENTS (KOHA) | |
| Koha item type | LIBRO |
| 957 ## - | |
| -- | 1 |
| 999 ## - SYSTEM CONTROL NUMBERS (KOHA) | |
| -- | 1 |
| Withdrawn status | Lost status | Damaged status | Not for loan | Home library | Current library | Date acquired | Total Checkouts | Full call number | Date last seen | Price effective from | Koha item type | Public note |
|---|---|---|---|---|---|---|---|---|---|---|---|---|
| Buone Condizioni | Not For Loan | SPICS-MEDIATECA | SPICS-MEDIATECA | 08/03/2013 | E0991 | 08/03/2013 | 08/03/2013 | LIBRO | Progressivo inserimento: 49841 / N. Volumi: 1 Copie: 1 / data import: 1 marzo 2013 - By Epidotti, Trombetti, Vaglietti. |